| 000 | 00902cam a2200265 4500 | ||
|---|---|---|---|
| 008 | 090401t1993 xxu||||| |||| 00| 0 eng d | ||
| 020 | _a0851255825 | ||
| 035 | _a(Sirsi) u34771 | ||
| 041 | _aeng | ||
| 050 | _a615.925756 | ||
| 100 | _aScivyer, C.R. | ||
| 245 | _aSurveying dwellings with high indoor radon levels: a BRE guide to radon remedial measures in existing dwellings. | ||
| 260 |
_aGarston, Watford _bBuilding Research Establishment _c1993 |
||
| 300 | _aiii,27p. : ill. ; 30cm. | ||
| 350 | _a0 | ||
| 490 |
_aBRE Building Renewal _v250 |
||
| 490 |
_aBuilding _v250 Research Establishment Report |
||
| 650 | _aBUILT ENVIRONMENT-BUILDING INSPECTION | ||
| 650 | _aHOUSES | ||
| 650 | _aBUILT ENVIRONMENT-BUILDING SURVEYING-STRUCTURAL SURVEYING | ||
| 690 | _aBUILT ENVIRONMENT-BUILDING INSPECTION | ||
| 710 | _aBuilding Research Establishment | ||
| 942 | _n0 | ||
| 948 | _c04/03/1997 | ||
| 999 |
_c89991 _d89991 |
||